000 01114cas a2200313 a 4500
001 15738887
005 20180214034731.0
008 090514c200u9999dcuuu | a0eng
010 _a 2009204665
022 0 _a2150-6612
_21
035 _a(OCoLC)ocn427651044
037 _bAssociation of American Medical Colleges, 2450 N Street, N.W., Washington, D.C. 20037-1127
040 _aDLC
_beng
_cDLC
_dDLC
_dOCLCQ
_dOCLCO
_dOCLCF
_dOCLCO
_dWAU
041 _aeng
042 _apcc
_ansdp
043 _an-us---
080 _a610.76 JAM
082 1 0 _a610.76 JAM
_214
100 _a3
101 _aSHM
210 0 _aOff. guide MCAT exam
222 4 _aThe official guide to the MCAT exam
245 0 4 _aThe official guide to the MCAT exam.
246 1 3 _aOfficial guide to the Medical College Admission Test exam
906 _a7
_bcbc
_cserials
_d2
_encip
_f20
_gn-oclcserc
942 _2ddc
_cBK
999 _c42462
_d42462